[Event "III. Budapest Open"]
[Site "Budapest, Hungary"]
[Date "2013.08.17"]
[Round "1.1"]
[White "Szalanczy, Emil"]
[Black "Zoldy, Robert"]
[Result "0-1"]
[WhiteElo "2285"]
[BlackElo "1962"]
[PlyCount "106"]
[EventDate "2013.??.??"]

1. e4 e5 2. Nf3 Nc6 3. Bb5 a6 4. Ba4 Nf6 5. O-O Be7 6. Re1 b5 7. Bb3 O-O 8. a4
b4 9. d3 d6 10. Nbd2 Na5 11. Ba2 Be6 12. d4 Bxa2 13. Rxa2 exd4 14. Nxd4 Re8 15.
Nf1 Qd7 16. Ng3 c5 17. Ndf5 Bf8 18. f3 Qe6 19. Ra1 d5 20. e5 Nd7 21. Bf4 d4 22.
b3 Qd5 23. Qd3 Nxe5 24. Qe4 Qxe4 25. Rxe4 Ng6 26. Bc7 Rxe4 27. Nxe4 Nb7 28. Re1
Rc8 29. Bd6 Bxd6 30. Nexd6 Nxd6 31. Nxd6 Rc7 32. Re8+ Nf8 33. Ra8 Rc6 34. Nc8
Re6 35. a5 g6 36. Nb6 Re1+ 37. Kf2 Rc1 38. Nd7 Rxc2+ 39. Ke1 c4 40. Rxf8+ Kg7
41. Rc8 d3 42. Kd1 c3 43. Nc5 Rxg2 44. Nxd3 Rd2+ 45. Kc1 Rxd3 46. Rc6 Rxf3 47.
Rxa6 Rf1+ 48. Kc2 Rf2+ 49. Kd3 Rd2+ 50. Ke3 Rxh2 51. Rb6 Rh3+ 52. Kd4 c2 53.
Rc6 Rc3 0-1

[Event "III. Budapest Open"]
[Site "Budapest, Hungary"]
[Date "2013.08.17"]
[Round "1.2"]
[White "Furedi, Erik"]
[Black "Farago, Sandor"]
[Result "0-1"]
[WhiteElo "1927"]
[BlackElo "2270"]
[PlyCount "102"]
[EventDate "2013.??.??"]

1. e4 c5 2. Nf3 e6 3. d3 Nc6 4. g3 d5 5. Nbd2 Nf6 6. Bg2 Be7 7. O-O O-O 8. Qe2
b6 9. Rd1 Ba6 10. e5 Ne8 11. b3 Nc7 12. Bb2 Qd7 13. c4 b5 14. Nf1 bxc4 15. bxc4
Rab8 16. Rab1 Rb6 17. Ba3 Nb4 18. Bxb4 cxb4 19. Ne3 Bb7 20. Rbc1 Ra6 21. Rc2
Ra3 22. Nd4 Rb8 23. Qg4 Rc3 24. cxd5 Nxd5 25. Bxd5 Bxd5 26. Rdd2 Ba8 27. Ndf5
Bf8 28. Nh4 Rxd3 29. Rxd3 Qxd3 30. Rc7 b3 31. axb3 Rxb3 32. Rc1 Qe4 33. Qxe4
Bxe4 34. Nhg2 a5 35. Nc4 Bxg2 36. Kxg2 a4 37. Ra1 a3 38. Ra2 Rc3 39. Nd2 Bb4
40. Kf1 f6 41. exf6 gxf6 42. Ke2 Kf7 43. Ne4 Rb3 44. Kd1 Ke7 45. Kc2 Rf3 46.
Kb1 h6 47. Rc2 f5 48. Rc7+ Kd8 49. Rb7 Be7 50. Nd2 Rxf2 51. Kc2 Bg5 0-1

[Event "III. Budapest Open"]
[Site "Budapest, Hungary"]
[Date "2013.08.17"]
[Round "1.3"]
[White "Szepes, Tamas"]
[Black "Rajcsanyi, Peter"]
[Result "1-0"]
[WhiteElo "2248"]
[BlackElo "1850"]
[PlyCount "157"]
[EventDate "2013.??.??"]

1. d4 Nf6 2. c4 e6 3. g3 d5 4. Nf3 a6 5. Bg2 dxc4 6. O-O Nc6 7. a4 Rb8 8. Nc3
Bb4 9. Bg5 h6 10. Bf4 O-O 11. Qc2 Nd5 12. Nxd5 exd5 13. e4 Be6 14. Rfd1 b5 15.
axb5 axb5 16. Ra6 Rb6 17. Raa1 Bd6 18. Be3 Nb4 19. Qe2 Rb8 20. e5 Be7 21. Ne1
Qd7 22. Qd2 Bf5 23. f3 Rb6 24. g4 Bh7 25. h4 Na6 26. g5 h5 27. Kh2 Bf5 28. f4
b4 29. Ra5 c6 30. Rda1 Nc7 31. Ra7 Qc8 32. Bf1 Rb7 33. Rxb7 Qxb7 34. Bh3 Bxh3
35. Kxh3 Qc8+ 36. Kh2 Nb5 37. Qf2 Qf5 38. Ra6 Rc8 39. Ng2 c3 40. bxc3 Nxc3 41.
Rb6 Nd1 42. Qf3 Qd3 43. Qh3 Rc7 44. Rb8+ Bf8 45. f5 Nxe3 46. Qxe3 Qxf5 47. Nf4
Qc2+ 48. Kg3 g6 49. e6 Qe4 50. Qxe4 dxe4 51. d5 Kg7 52. exf7 Kxf7 53. Rxf8+
Kxf8 54. Ne6+ Ke7 55. Nxc7 Kd6 56. Ne8+ Kxd5 57. Kf4 Kd4 58. Nd6 e3 59. Nf5+
Kd3 60. Nxe3 b3 61. Nd1 Kd4 62. Kf3 c5 63. Ke2 c4 64. Kd2 b2 65. Kc2 c3 66.
Nxc3 Ke5 67. Kd3 b1=Q+ 68. Nxb1 Kf4 69. Nd2 Kg4 70. Ke4 Kxh4 71. Kf4 Kh3 72.
Kf3 h4 73. Ne4 Kh2 74. Kf2 Kh3 75. Nf6 Kh2 76. Kf3 Kh3 77. Nh5 Kh2 78. Kg4
gxh5+ 79. Kxh4 1-0

[Event "III. Budapest Open"]
[Site "Budapest, Hungary"]
[Date "2013.08.17"]
[Round "1.5"]
[White "Kormos, Adam"]
[Black "Schatzer, Andras"]
[Result "1/2-1/2"]
[WhiteElo "2198"]
[BlackElo "1827"]
[PlyCount "68"]
[EventDate "2013.??.??"]

1. e4 c5 2. Nf3 Nc6 3. d4 cxd4 4. Nxd4 g6 5. Nc3 Bg7 6. Be3 Nf6 7. Nxc6 bxc6 8.
e5 Nd5 9. Nxd5 cxd5 10. Qxd5 Rb8 11. Bc4 O-O 12. O-O Bb7 13. Qd4 d6 14. Qxa7
Qc8 15. Bb3 Bxe5 16. f3 Bxb2 17. Rad1 Ba6 18. Qxe7 Bxf1 19. Rxf1 Qc6 20. Bh6
Bg7 21. Bxg7 Kxg7 22. Rd1 Qc3 23. Qe4 Rfe8 24. Qd4+ Qxd4+ 25. Rxd4 Rb6 26. Kf2
f5 27. Ra4 Re7 28. Ra8 d5 29. Bxd5 Rd6 30. c4 Rdd7 31. a4 Ra7 32. f4 Kf6 33.
Rxa7 Rxa7 34. Bc6 Ke6 1/2-1/2

[Event "III. Budapest Open"]
[Site "Budapest, Hungary"]
[Date "2013.08.17"]
[Round "1.6"]
[White "Abraham, Lajos"]
[Black "Juhasz, Bela"]
[Result "1/2-1/2"]
[WhiteElo "1821"]
[BlackElo "2194"]
[PlyCount "60"]
[EventDate "2013.??.??"]

1. c4 Nf6 2. Nc3 g6 3. e4 d6 4. d4 Bg7 5. f3 O-O 6. Be3 c5 7. dxc5 dxc5 8. Qxd8
Rxd8 9. Bxc5 Nc6 10. Rd1 Rxd1+ 11. Kxd1 Nd7 12. Ba3 Nde5 13. Nd5 Be6 14. Kc1
Rc8 15. Kb1 a6 16. Be2 b5 17. cxb5 axb5 18. Bxb5 Bxd5 19. exd5 Nd4 20. Bc6 e6
21. Nh3 Nc4 22. Bb4 Nxc6 23. dxc6 Bxb2 24. Kc2 Rxc6 25. Kb3 Be5 26. f4 Bf6 27.
Ng5 Nb6 28. Ne4 Bg7 29. Nc3 Nd7 30. Rd1 Rc7 1/2-1/2

[Event "III. Budapest Open"]
[Site "Budapest, Hungary"]
[Date "2013.08.17"]
[Round "1.7"]
[White "Erdos, Boglarka"]
[Black "Balla, Attila"]
[Result "1-0"]
[WhiteElo "2189"]
[BlackElo "1813"]
[PlyCount "75"]
[EventDate "2013.??.??"]

1. Nf3 Nf6 2. g3 c6 3. Bg2 d5 4. O-O g6 5. d4 Bg7 6. c4 e6 7. Nc3 Nbd7 8. Bg5
h6 9. Bf4 O-O 10. Qd2 Kh7 11. Bd6 Re8 12. b3 dxc4 13. Ne5 Nxe5 14. dxe5 Nd7 15.
Qf4 f6 16. Qxc4 fxe5 17. Ne4 Nb6 18. Qc3 Nd5 19. Qb2 b6 20. h4 Bb7 21. Rad1 c5
22. Bxe5 Qe7 23. Bxg7 Qxg7 24. Qxg7+ Kxg7 25. Nd6 Re7 26. Nxb7 Rxb7 27. Bxd5
exd5 28. Rxd5 Re7 29. e3 Rf8 30. Rfd1 Rff7 31. Kg2 h5 32. Rd6 Kh6 33. R1d3 b5
34. f4 Re4 35. Kf3 Rfe7 36. Rc6 c4 37. bxc4 bxc4 38. Rc3 1-0

[Event "III. Budapest Open"]
[Site "Budapest, Hungary"]
[Date "2013.08.17"]
[Round "1.8"]
[White "Szurkos, Andras"]
[Black "Koncz, Imre"]
[Result "0-1"]
[WhiteElo "1786"]
[BlackElo "2181"]
[PlyCount "96"]
[EventDate "2013.??.??"]

1. e4 c5 2. Nf3 Nc6 3. c3 Nf6 4. e5 Nd5 5. d4 cxd4 6. cxd4 d6 7. Nc3 dxe5 8.
Bc4 Nb6 9. Bxf7+ Kxf7 10. d5 Nb4 11. Nxe5+ Kg8 12. Qf3 Qe8 13. O-O Nd7 14. Bf4
Nxe5 15. Bxe5 Qf7 16. Qe4 a5 17. f4 Bf5 18. Qf3 h5 19. Ne4 Qxd5 20. Rfe1 Bxe4
21. Rxe4 Nc6 22. Bc3 Rd8 23. Rae1 Rh6 24. f5 Qf7 25. h3 Rhd6 26. Rh4 Rd3 27.
Qxh5 Qxh5 28. Rxh5 Rd1 29. Kf2 Rxe1 30. Kxe1 Rd5 31. Rg5 b5 32. a3 b4 33. axb4
axb4 34. Bd2 Nd4 35. h4 Rxf5 36. Rg4 e5 37. Re4 Bd6 38. Bg5 Kf7 39. g4 Nf3+ 40.
Ke2 Nxg5 41. Rxb4 Bxb4 42. gxf5 Ne4 43. Kf3 Nd6 44. Kg4 Kf6 45. h5 Nxf5 46. Kf3
Nd6 47. b3 Kg5 48. Ke3 Kxh5 0-1

[Event "III. Budapest Open"]
[Site "Budapest, Hungary"]
[Date "2013.08.17"]
[Round "1.9"]
[White "Papagorasz, Takisz"]
[Black "Foldi, Martin"]
[Result "1-0"]
[WhiteElo "2163"]
[BlackElo "1783"]
[PlyCount "79"]
[EventDate "2013.??.??"]

1. d4 d5 2. Nf3 Nf6 3. c4 dxc4 4. g3 e6 5. Bg2 Be7 6. O-O Nbd7 7. Qa4 c6 8.
Qxc4 O-O 9. Nc3 Nb6 10. Qb3 Nbd5 11. Ne5 Nd7 12. Nd3 Qc7 13. e4 Nxc3 14. Qxc3
Nf6 15. Bf4 Qd8 16. Rfd1 Nh5 17. Be3 f5 18. exf5 exf5 19. Qb3+ Kh8 20. d5 cxd5
21. Bxd5 Bd6 22. Bf3 Nf6 23. Rac1 Qe7 24. Nc5 Ne4 25. Bxe4 fxe4 26. Qd5 Be5 27.
Nxe4 Bf5 28. Bc5 Bxe4 29. Bxe7 Bxd5 30. Bxf8 Bxa2 31. Ba3 h6 32. Rd7 b6 33. Bd6
Bf6 34. b4 a6 35. Be7 Be5 36. Rc6 b5 37. f4 Bb8 38. Bc5 Kh7 39. Bd4 Kg8 40.
Rc8+ 1-0

[Event "III. Budapest Open"]
[Site "Budapest, Hungary"]
[Date "2013.08.17"]
[Round "1.10"]
[White "Mihaly, Zoltan"]
[Black "Juhasz, Mark"]
[Result "0-1"]
[WhiteElo "1774"]
[BlackElo "2154"]
[PlyCount "80"]
[EventDate "2013.??.??"]

1. c4 Nf6 2. Nc3 g6 3. g3 Bg7 4. Bg2 O-O 5. d4 d6 6. Nf3 c6 7. O-O a6 8. a4 a5
9. Re1 Qc7 10. Bf4 Re8 11. c5 Nh5 12. cxd6 exd6 13. Bg5 h6 14. Bc1 d5 15. e4
dxe4 16. Rxe4 Rd8 17. Qe1 Be6 18. Ne5 Bf5 19. Rh4 Nd7 20. g4 Nxe5 21. dxe5 Qe7
22. Rxh5 Bxg4 23. Rh3 Bxh3 24. Bxh3 Qh4 25. Bg2 Re8 26. Qe4 Qxe4 27. Nxe4 Rxe5
28. Be3 Re7 29. Rb1 Rd8 30. Bb6 Rd5 31. b3 Bd4 32. Bxd4 Rxd4 33. Re1 f5 34.
Nf6+ Kf7 35. Rxe7+ Kxe7 36. Ng8+ Kf8 37. Nxh6 Kg7 38. Nxf5+ gxf5 39. Bf1 Rg4+
40. Bg2 Rb4 0-1

[Event "III. Budapest Open"]
[Site "Budapest, Hungary"]
[Date "2013.08.17"]
[Round "1.11"]
[White "Toth, Sarolta"]
[Black "Czimer, Jozsef"]
[Result "1-0"]
[WhiteElo "2138"]
[BlackElo "1704"]
[PlyCount "77"]
[EventDate "2013.??.??"]

1. Nf3 g6 2. c4 Bg7 3. g3 b6 4. Bg2 Bb7 5. Nc3 Nf6 6. O-O O-O 7. d4 h6 8. Qc2
Na6 9. a3 c5 10. d5 Nc7 11. e4 d6 12. Rb1 Bc8 13. b4 Bd7 14. Bb2 Rb8 15. Nd1
Qc8 16. Ne3 Ng4 17. Nxg4 Bxg4 18. Bxg7 Kxg7 19. Nd2 Ne8 20. Qc3+ Nf6 21. Rfe1
Kg8 22. e5 dxe5 23. Rxe5 Qc7 24. Rbe1 Rfe8 25. h3 Bc8 26. Qe3 cxb4 27. axb4 Kg7
28. Rxe7 Rxe7 29. Qxe7 Qxe7 30. Rxe7 Bd7 31. c5 bxc5 32. bxc5 Rb2 33. Ne4 Kf8
34. d6 Nxe4 35. Bxe4 Bxh3 36. Rxa7 Rb4 37. Bd5 Be6 38. Ra8+ Kg7 39. Bxe6 1-0

[Event "III. Budapest Open"]
[Site "Budapest, Hungary"]
[Date "2013.08.17"]
[Round "1.12"]
[White "Kancz, Csaba"]
[Black "Gubics, Peter"]
[Result "0-1"]
[WhiteElo "1648"]
[BlackElo "2113"]
[PlyCount "50"]
[EventDate "2013.??.??"]

1. d4 Nf6 2. Nf3 g6 3. b3 Bg7 4. Bb2 O-O 5. g3 d5 6. Bg2 Bf5 7. O-O Nbd7 8.
Nbd2 Ne4 9. e3 c5 10. c4 Rc8 11. Rc1 Qa5 12. a3 cxd4 13. exd4 Bh6 14. b4 Qa6
15. c5 Ndf6 16. Nxe4 dxe4 17. Nd2 Qd3 18. Nxe4 Bxe4 19. Bxe4 Qxd1 20. Rcxd1
Nxe4 21. Rfe1 f5 22. f3 Nd2 23. Kf2 Nc4 24. Rb1 Bg7 25. Red1 Rcd8 0-1

[Event "III. Budapest Open"]
[Site "Budapest, Hungary"]
[Date "2013.08.17"]
[Round "1.13"]
[White "Ritter, Gabor Dr"]
[Black "Gyimesi, Peter"]
[Result "1-0"]
[WhiteElo "2108"]
[BlackElo "1646"]
[PlyCount "139"]
[EventDate "2013.??.??"]

1. g3 g6 2. Bg2 Bg7 3. Nf3 d6 4. d4 e6 5. O-O Ne7 6. Re1 O-O 7. e4 c5 8. c3
Nbc6 9. dxc5 dxc5 10. Qc2 b6 11. Be3 Bb7 12. Nbd2 Qc7 13. a4 Rfd8 14. Nc4 Ba6
15. Bf1 Rd7 16. Rad1 Rad8 17. a5 b5 18. Na3 Rxd1 19. Rxd1 Rxd1 20. Qxd1 b4 21.
Bxa6 bxa3 22. Bxc5 Qxa5 23. Bxe7 a2 24. Ba3 Qxa6 25. Ne1 Bxc3 26. Nc2 Nb4 27.
bxc3 a1=Q 28. Nxa1 Qxa3 29. cxb4 Qxb4 30. f3 Qb6+ 31. Kg2 Qc7 32. Qc2 Qd7 33.
Nb3 Qa4 34. Qc8+ Kg7 35. Qc3+ Kg8 36. Qd3 Qa2+ 37. Kh3 Kg7 38. Nc5 Qf2 39. Nd7
Qg1 40. Ne5 Kf6 41. Nc6 Qf2 42. Qd4+ Qxd4 43. Nxd4 a5 44. f4 a4 45. e5+ Ke7 46.
Kg2 a3 47. Kf3 f6 48. Ke4 g5 49. fxg5 fxg5 50. Nc6+ Kd7 51. Nb4 Kc7 52. Kd4 Kb6
53. Kc4 g4 54. Na2 Kc6 55. Nc3 h6 56. Na2 Kb6 57. Nb4 h5 58. Na2 Ka5 59. Kc3
Ka4 60. Nc1 Ka5 61. Kc4 Ka4 62. Kc3 Kb5 63. Nd3 a2 64. Kb2 Kc4 65. Nf4 Kd4 66.
Nxe6+ Kxe5 67. Ng7 h4 68. gxh4 Kf6 69. Nh5+ Kg6 70. Ng3 1-0

[Event "III. Budapest Open"]
[Site "Budapest, Hungary"]
[Date "2013.08.17"]
[Round "1.14"]
[White "Ronyai, Imre"]
[Black "Mihok, Laszlo"]
[Result "0-1"]
[WhiteElo "1591"]
[BlackElo "2102"]
[PlyCount "68"]
[EventDate "2013.??.??"]

1. e4 e5 2. Nf3 Nc6 3. Bb5 a6 4. Ba4 Nge7 5. O-O g6 6. c3 Bg7 7. d4 exd4 8.
cxd4 b5 9. Bb3 O-O 10. Nc3 Na5 11. Bc2 d6 12. Bf4 Bb7 13. Re1 Nc4 14. b3 Na3
15. Bd3 c5 16. Bc1 b4 17. Ne2 Nb5 18. Bb2 Nc6 19. Bxb5 axb5 20. Qd3 Ba6 21.
Rad1 Qa5 22. Bc1 c4 23. Qc2 Rac8 24. Bf4 Rfd8 25. d5 Ne5 26. Nfd4 Bb7 27. Bxe5
dxe5 28. Nf3 Rd6 29. h3 Ra6 30. d6 Qxa2 31. Qxa2 Rxa2 32. d7 Rd8 33. Ng3 Ra6
34. bxc4 bxc4 0-1

[Event "III. Budapest Open"]
[Site "Budapest, Hungary"]
[Date "2013.08.17"]
[Round "1.15"]
[White "Mester, Attila"]
[Black "Kovacsy, Barnabas"]
[Result "1/2-1/2"]
[WhiteElo "2073"]
[BlackElo "1508"]
[PlyCount "118"]
[EventDate "2013.??.??"]

1. e4 c5 2. Nf3 e6 3. d4 cxd4 4. c3 dxc3 5. Nxc3 Nc6 6. Bc4 Bc5 7. O-O Nge7 8.
Bg5 a6 9. Qe2 O-O 10. Rfd1 Qc7 11. Rac1 Qb8 12. a3 b5 13. Ba2 Ng6 14. Nxb5 Qxb5
15. Qxb5 Bxf2+ 16. Kxf2 axb5 17. Nd4 b4 18. Nb5 bxa3 19. Nxa3 Nce5 20. Kg1 Bb7
21. Rd4 Bc6 22. h3 Rfb8 23. Rc2 Ra4 24. Rxa4 Bxa4 25. Rd2 Bc6 26. Bb1 Rb4 27.
Re2 Nc4 28. Nxc4 Rxc4 29. Bc2 h6 30. Bc1 Bxe4 31. Bxe4 Rxc1+ 32. Kf2 Ne7 33. b4
Rc4 34. b5 Rb4 35. Bd3 Nd5 36. Ra2 g6 37. Rc2 Kg7 38. g3 Kf6 39. Ke2 Ke5 40.
Kd2 Kd4 41. Ra2 Kc5 42. Ra7 Kd6 43. Ra6+ Ke7 44. Ra2 Rd4 45. Rb2 Kd8 46. Ke2
Rb4 47. Rc2 Nc7 48. Rc5 d6 49. Rc6 Kd7 50. Rb6 Nd5 51. Rb7+ Ke8 52. h4 Kf8 53.
Kd2 Kg7 54. Kc2 Ra4 55. Kb2 e5 56. Bc2 Rc4 57. Bb3 Rc5 58. b6 Rb5 59. Kc2 Rc5+
1/2-1/2

[Event "III. Budapest Open"]
[Site "Budapest, Hungary"]
[Date "2013.08.17"]
[Round "1.16"]
[White "Gyulai, David"]
[Black "Bakk, Zoltan"]
[Result "0-1"]
[WhiteElo "1435"]
[BlackElo "2070"]
[PlyCount "82"]
[EventDate "2013.??.??"]

1. e4 e6 2. d4 d5 3. Bd3 dxe4 4. Bxe4 Nf6 5. Bg5 c5 6. Bxf6 Qxf6 7. c3 Nc6 8.
d5 Qe5 9. dxc6 Qxe4+ 10. Kf1 bxc6 11. b3 Ba6+ 12. c4 Rd8 13. Nd2 Qd3+ 14. Ke1
Be7 15. Ngf3 Bf6 16. Rc1 Qg6 17. Qe2 Qxg2 18. Rg1 Qh3 19. Ne4 Qf5 20. Rd1 Rxd1+
21. Kxd1 Ke7 22. Qe3 Rd8+ 23. Ke2 Bd4 24. Qg5+ Qxg5 25. Rxg5 f5 26. Nxd4 cxd4
27. Nc5 Kf6 28. Rxg7 Rd5 29. Rxa7 Bxc4+ 30. Nd3 Bxd3+ 31. Kxd3 e5 32. Rxh7 e4+
33. Kd2 Kg5 34. a4 Kf4 35. b4 e3+ 36. fxe3+ dxe3+ 37. Ke1 Kf3 38. Rh3+ Ke4 39.
Rh6 Rd4 40. Rxc6 Rxb4 41. a5 Kf3 0-1

[Event "III. Budapest Open"]
[Site "Budapest, Hungary"]
[Date "2013.08.17"]
[Round "1.17"]
[White "Peczeli, Zoltan"]
[Black "Czipp, Janos"]
[Result "1/2-1/2"]
[WhiteElo "2036"]
[BlackElo "1417"]
[PlyCount "85"]
[EventDate "2013.??.??"]

1. d4 Nf6 2. c4 e6 3. Nf3 b6 4. g3 Bb7 5. Bg2 d5 6. O-O Be7 7. Ne5 c6 8. Nc3
O-O 9. e4 a6 10. Be3 Nbd7 11. Qe2 Qc7 12. f4 Bb4 13. Nxd7 Nxd7 14. exd5 Bxc3
15. dxe6 fxe6 16. bxc3 c5 17. Bxb7 Qxb7 18. dxc5 bxc5 19. Qg2 Qc7 20. Rab1 Rab8
21. Qe4 Rfe8 22. Rxb8 Qxb8 23. Qc6 Qc8 24. Qxc8 Rxc8 25. Rd1 Nb6 26. Bf2 Rc6
27. Kf1 Kf7 28. Ke2 Ke7 29. Rb1 Kd6 30. Kd3 Kc7 31. Rd1 Rd6+ 32. Kc2 Rxd1 33.
Kxd1 Kc6 34. Kc2 Nxc4 35. Kd3 Kd5 36. h3 g6 37. Ke2 a5 38. Kd3 a4 39. g4 Nd6
40. Bh4 c4+ 41. Ke3 Ne4 42. Be1 h6 43. Kf3 1/2-1/2

[Event "III. Budapest Open"]
[Site "Budapest, Hungary"]
[Date "2013.08.17"]
[Round "1.18"]
[White "Danffy, Abel"]
[Black "Csabai, Viktor"]
[Result "0-1"]
[WhiteElo "1380"]
[BlackElo "2034"]
[PlyCount "104"]
[EventDate "2013.??.??"]

1. e4 d6 2. d4 g6 3. Nf3 Bg7 4. Nc3 c6 5. Bf4 Bg4 6. Be2 Bxf3 7. Bxf3 Qb6 8.
O-O Qxd4 9. Qxd4 Bxd4 10. Rad1 Bg7 11. Rfe1 Nd7 12. Bg4 Ngf6 13. Bxd7+ Nxd7 14.
Bg5 h6 15. Bf4 Bxc3 16. bxc3 e5 17. Bg3 Ke7 18. f3 b5 19. Rd2 Nb6 20. Bf2 Rhd8
21. h4 Ke6 22. g4 Nc4 23. Rdd1 a5 24. Kg2 Rdb8 25. Kg3 g5 26. h5 b4 27. cxb4
axb4 28. Ra1 Ra3 29. Kg2 Rba8 30. Re2 Rxa2 31. Rxa2 Rxa2 32. Kf1 c5 33. c3 Ra1+
34. Re1 Nd2+ 35. Ke2 Rxe1+ 36. Kxe1 Nxf3+ 37. Kd1 bxc3 38. Kc2 Nd2 39. Bxc5
dxc5 40. Kxc3 Nxe4+ 41. Kc4 Kd6 42. Kd3 Nf2+ 43. Kc4 Nxg4 44. Kd3 f5 45. Kc4 f4
46. Kd3 f3 47. Ke4 f2 48. Kf5 f1=Q+ 49. Kg6 Qf6+ 50. Kh7 Ne3 51. Kg8 Nf5 52.
Kh7 Qg7# 0-1

[Event "III. Budapest Open"]
[Site "Budapest, Hungary"]
[Date "2013.08.17"]
[Round "1.19"]
[White "Yip, Michael"]
[Black "Breznyan, Annamaria"]
[Result "1-0"]
[WhiteElo "2020"]
[BlackElo "1302"]
[PlyCount "59"]
[EventDate "2013.??.??"]

1. d4 d5 2. c4 e6 3. Nc3 Be7 4. Nf3 Nf6 5. cxd5 exd5 6. Bg5 O-O 7. e3 h6 8. Bf4
a6 9. Bd3 Be6 10. h3 Nbd7 11. O-O c6 12. Qc2 Re8 13. Ne5 Nxe5 14. Bxe5 Rc8 15.
f4 c5 16. Qf2 cxd4 17. exd4 Bd6 18. f5 Bxf5 19. Qxf5 Be7 20. Rae1 Kf8 21. Kh1
b5 22. Ne2 Rc6 23. Qf3 Qd7 24. Bf5 Qb7 25. Rc1 Rxc1 26. Rxc1 a5 27. Nf4 Ne4 28.
Rc7 Qa8 29. Bd7 Rb8 30. Ng6+ 1-0

[Event "III. Budapest Open"]
[Site "Budapest, Hungary"]
[Date "2013.08.17"]
[Round "1.20"]
[White "Karacsonyi, Kata"]
[Black "Alvin, Leo"]
[Result "0-1"]
[WhiteElo "1288"]
[BlackElo "2005"]
[PlyCount "52"]
[EventDate "2013.??.??"]

1. e4 e5 2. Nf3 Nc6 3. Bb5 a6 4. Bxc6 dxc6 5. O-O f6 6. d4 exd4 7. Nxd4 c5 8.
Nb3 Be6 9. Bf4 Qe7 10. Nc3 Qf7 11. Qf3 g5 12. Bg3 h5 13. h3 g4 14. Qe3 gxh3 15.
Nxc5 hxg2 16. Kxg2 Bh6 17. Qd4 Ne7 18. Bxc7 Nc6 19. Qd6 Bc4 20. Rfd1 Rh7 21.
Bb6 Bf8 22. Qf4 Rg7+ 23. Kh3 Rg4 24. Qf5 Bxc5 25. Qxc5 Qe6 26. Kh2 Rh4+ 0-1

[Event "III. Budapest Open"]
[Site "Budapest, Hungary"]
[Date "2013.08.17"]
[Round "1.21"]
[White "Bihari, Mihaly"]
[Black "Breznyan, Dorina"]
[Result "1-0"]
[WhiteElo "2004"]
[BlackElo "1261"]
[PlyCount "59"]
[EventDate "2013.??.??"]

1. c4 e5 2. Nc3 Nf6 3. g3 Bc5 4. Bg2 O-O 5. Nf3 d6 6. O-O Be6 7. b3 h6 8. d4
exd4 9. Nxd4 Bc8 10. Bb2 c6 11. Nc2 Re8 12. Na4 Na6 13. a3 Bf5 14. b4 Bb6 15.
Nxb6 Qxb6 16. Ne3 Be4 17. Qxd6 Rad8 18. Qf4 Bxg2 19. Kxg2 Re6 20. Rad1 Rde8 21.
Rd3 c5 22. b5 Nc7 23. Rfd1 a6 24. Rd6 Qa5 25. b6 Na8 26. Bxf6 Rxf6 27. Rxf6
gxf6 28. Qxh6 Qxb6 29. Nf5 Qc6+ 30. Kg1 1-0

[Event "III. Budapest Open"]
[Site "Budapest, Hungary"]
[Date "2013.08.18"]
[Round "2.1"]
[White "Farago, Sandor"]
[Black "Mihok, Laszlo"]
[Result "1-0"]
[WhiteElo "2270"]
[BlackElo "2102"]
[PlyCount "93"]
[EventDate "2013.??.??"]

1. e4 e5 2. Nf3 Nf6 3. Nc3 Bb4 4. Nxe5 O-O 5. Be2 Re8 6. Nd3 Bxc3 7. dxc3 Nxe4
8. O-O d6 9. Re1 Nd7 10. Bf3 Ndf6 11. c4 Rb8 12. Be3 b6 13. Nb4 Bb7 14. Nd5 h6
15. Qd3 Nxd5 16. cxd5 Ng5 17. Bg4 Bc8 18. Be2 a5 19. Bd4 Nh7 20. Bh5 Bd7 21.
Bxf7+ Kxf7 22. Qxh7 Qg5 23. f4 Qg6 24. Qxg6+ Kxg6 25. Kf2 Bf5 26. Kf3 h5 27. h3
Kf7 28. g4 hxg4+ 29. hxg4 Bxc2 30. Rac1 Rxe1 31. Rxe1 Ba4 32. Rc1 Rb7 33. f5 c5
34. dxc6 Rc7 35. Kf4 Rxc6 36. Rh1 Kg8 37. b3 Bb5 38. Re1 Kf8 39. g5 Bd3 40. Re6
Rc1 41. f6 Rf1+ 42. Kg3 gxf6 43. gxf6 b5 44. Rxd6 a4 45. Bc5 Rc1 46. Ba3 Rc2
47. Rd7+ 1-0

[Event "III. Budapest Open"]
[Site "Budapest, Hungary"]
[Date "2013.08.18"]
[Round "2.2"]
[White "Bakk, Zoltan"]
[Black "Szepes, Tamas"]
[Result "0-1"]
[WhiteElo "2070"]
[BlackElo "2248"]
[PlyCount "70"]
[EventDate "2013.??.??"]

1. d4 d5 2. Bf4 e6 3. e3 Nf6 4. Nf3 Bd6 5. Bg3 O-O 6. Bd3 b6 7. Nbd2 Bb7 8. c3
c5 9. Ne5 Qc7 10. Qe2 Nbd7 11. f4 Rac8 12. O-O c4 13. Bc2 b5 14. a3 Ne4 15.
Bxe4 dxe4 16. Nxd7 Qxd7 17. Bh4 f5 18. g4 Bd5 19. Rf2 a5 20. Rg2 Rf7 21. Nf1 b4
22. axb4 axb4 23. Ng3 Rb8 24. cxb4 Rxb4 25. gxf5 exf5 26. Ra5 Qc6 27. Nh5 Kh8
28. Nxg7 Rxg7 29. Bf6 Bf8 30. Be5 c3 31. Ra7 cxb2 32. Raxg7 b1=Q+ 33. Kf2 Bxg7
34. Bxg7+ Kg8 35. Be5+ Qg6 0-1

[Event "III. Budapest Open"]
[Site "Budapest, Hungary"]
[Date "2013.08.18"]
[Round "2.3"]
[White "Zentai, Peter"]
[Black "Palla, Akos Botond"]
[Result "1/2-1/2"]
[WhiteElo "2234"]
[BlackElo "2054"]
[PlyCount "41"]
[EventDate "2013.??.??"]

1. d4 d5 2. c4 e6 3. Nf3 Nf6 4. g3 Bb4+ 5. Bd2 Be7 6. Bg2 O-O 7. O-O c6 8. Qc2
b6 9. Bf4 Ba6 10. cxd5 Nxd5 11. Rd1 Nd7 12. Nc3 N7f6 13. Ne5 Rc8 14. Bf3 Bb7
15. Rac1 Nd7 16. Nxd5 cxd5 17. Qa4 Nxe5 18. Bxe5 a6 19. Bf4 b5 20. Qb3 Qb6 21.
Qd3 1/2-1/2

[Event "III. Budapest Open"]
[Site "Budapest, Hungary"]
[Date "2013.08.18"]
[Round "2.6"]
[White "Alvin, Leo"]
[Black "Papagorasz, Takisz"]
[Result "0-1"]
[WhiteElo "2005"]
[BlackElo "2163"]
[PlyCount "44"]
[EventDate "2013.??.??"]

1. d4 Nf6 2. Nf3 e6 3. c4 Bb4+ 4. Bd2 c5 5. Bxb4 cxb4 6. Nbd2 O-O 7. e4 d6 8.
Qc2 Nbd7 9. e5 dxe5 10. dxe5 Ng4 11. Qe4 f5 12. exf6 Ndxf6 13. Qe2 e5 14. h3 e4
15. Nh2 Nxf2 16. Qxf2 e3 17. Qxe3 Re8 18. Qxe8+ Qxe8+ 19. Kf2 Qd8 20. Nhf3 Qb6+
21. Ke1 Bf5 22. Be2 Re8 0-1

[Event "III. Budapest Open"]
[Site "Budapest, Hungary"]
[Date "2013.08.18"]
[Round "2.7"]
[White "Juhasz, Mark"]
[Black "Bihari, Mihaly"]
[Result "1-0"]
[WhiteElo "2154"]
[BlackElo "2004"]
[PlyCount "120"]
[EventDate "2013.??.??"]

1. Nf3 Nf6 2. c4 Nc6 3. d4 e6 4. g3 Bb4+ 5. Bd2 Bxd2+ 6. Nbxd2 d5 7. Bg2 O-O 8.
Qc2 a5 9. O-O Qe7 10. Rac1 Nb4 11. Qb1 c6 12. a3 Na6 13. e4 dxe4 14. Nxe4 h6
15. Nc3 Rb8 16. Ne5 Nd7 17. Ne4 c5 18. Nxd7 Bxd7 19. d5 exd5 20. cxd5 Bf5 21.
Rfe1 Qd7 22. Qd3 Rbd8 23. Qc4 Bxe4 24. Rxe4 b5 25. Qe2 Rfe8 26. a4 Rxe4 27.
Bxe4 Nc7 28. Rxc5 bxa4 29. Rxa5 Ne8 30. Qd1 Nf6 31. Bf3 Qb7 32. Qxa4 Qxb2 33.
Ra8 Rxa8 34. Qxa8+ Kh7 35. d6 Qe5 36. Qd8 Qe1+ 37. Kg2 Ne4 38. Qb6 Nf6 39. Qd4
Qe8 40. Bd1 Qa8+ 41. Kg1 Qb7 42. Ba4 Qb1+ 43. Kg2 Qb7+ 44. f3 Qa6 45. d7 Qe2+
46. Qf2 Qe7 47. Qd2 Qd8 48. Qc2+ g6 49. Qc8 Qe7 50. Qe8 Qxe8 51. dxe8=Q Nxe8
52. Bxe8 Kg7 53. h4 Kf8 54. Ba4 Kg7 55. Kf2 Kf6 56. Bb3 Kg7 57. Ke3 Kf8 58. Kf4
Ke7 59. h5 Kf6 60. Bc4 g5+ 1-0

[Event "III. Budapest Open"]
[Site "Budapest, Hungary"]
[Date "2013.08.18"]
[Round "2.8"]
[White "Heyl, Thomas"]
[Black "Toth, Sarolta"]
[Result "1/2-1/2"]
[WhiteElo "1997"]
[BlackElo "2138"]
[PlyCount "60"]
[EventDate "2013.??.??"]

1. c4 e5 2. g3 Nf6 3. Bg2 c6 4. d4 d6 5. Nc3 Nbd7 6. Nf3 Be7 7. e4 a5 8. O-O
O-O 9. Re1 Re8 10. h3 Bf8 11. d5 Nc5 12. Bg5 h6 13. Bxf6 Qxf6 14. b3 Bd7 15. a3
g6 16. Kh2 Qd8 17. Qc2 f5 18. Nd2 Rc8 19. b4 Na6 20. Qb3 axb4 21. axb4 c5 22.
b5 Nb4 23. Na2 Nxa2 24. Rxa2 Ra8 25. Rea1 Rxa2 26. Qxa2 Qg5 27. Nf3 Qf6 28. Nd2
Qg5 29. Nf3 Qf6 30. Nd2 Qg5 1/2-1/2